| 000 | 01063cam a22002771i 4500 | ||
|---|---|---|---|
| 003 | SA-RiAUC | ||
| 005 | 20241001133251.0 | ||
| 008 | 240928s1995 su g 000 0 ara c | ||
| 020 | _a9960617092 (مجموعة) | ||
| 020 | _a9960617084 (ج 3) | ||
| 040 |
_aJO-MaAHU _bara _cSA-RiAUC _erda |
||
| 082 | 0 | 4 | _a081 |
| 090 |
_a081 _bن ا د |
||
| 110 | 2 |
_aنادي مكة الثقافي الأدبي _eمؤلف. |
|
| 245 | 1 | 0 |
_aمحاضرات النادي / _cنادي مكة الثقافي الأدبي. |
| 250 | _aالطبعة الأولى. | ||
| 264 | 1 |
_aجدة، السعودية : _bنادي مكة الثقافي الأدبي، _c1995 |
|
| 300 |
_a3 مجلد ؛ _c24 سم. |
||
| 336 |
_aنص _btxt _2rdacontent _3كتاب |
||
| 337 |
_aبدون وسيط _bn _2rdamedia |
||
| 338 |
_aمجلد _bnc _2rdacarrier |
||
| 490 | 0 |
_aمطبوعات نادي مكة الثقافي الأدبي ؛ _v93 |
|
| 650 | 7 |
_aالمقالات العربية _zالسعودية _yقرن 14 هجري. _2aucsh |
|
| 942 |
_2ddc _cBOOK _n0 |
||
| 949 |
_aSA-JeALM _d240928 _umohamedma123 _n1 |
||
| 999 |
_c736 _d736 |
||